000 00668nam a22002417a 4500
003 BCEG
005 20260121162405.0
008 260121s1993 mx |||||||||||||||e|spa d
020 _a9681640071
040 _aBCEG
_bspa
_cBCEG
082 _aCu864.4
_bL687e
100 1 _aLezama Lima, José,
_d1912-1976.
245 1 3 _aLa expresión americana.
260 _aMéxico :
_bFondo de Cultura Ecónomica,
_c1993.
300 _a183 p.
490 _aTierra Adentro.
500 _aCon dedicatoria a Célica Cánovas, 1994.
504 _aIncluye bibliografía.
541 _aDonación.
650 1 4 _aEnsayos cubanos.
700 1 _aChiampi, Irlemar,
_eed.
942 _cBK
999 _c437040
_d437040